Normal view
MARC view
- TCC-17
Entry Geographic Name
001 - CONTROL NUMBER
- control field: 132010
003 - CONTROL NUMBER IDENTIFIER
- control field: NUST
005 - DATE AND TIME OF LATEST TRANSACTION
- control field: 20251124123508.0
008 - FIXED-LENGTH DATA ELEMENTS
- fixed length control field: 251124|| aca||aabn | a|a d
040 ## - CATALOGING SOURCE
- Original cataloging agency: NUST
- Transcribing agency: NUST
151 ## - HEADING--GEOGRAPHIC NAME
- Geographic name: TCC-17
670 ## - SOURCE DATA FOUND
- Source citation: Work cat.: (NUST)184055: Khawar , NC Farhan (TCC-17 B) 132009, Performance analysis of MIMO detection using the sphere decoder and its variants /, 2009
